Movie Destruction Scenes - Statistics

General Stats
  • This quiz has been taken 15 times
  • The average score is 10 of 15
Answer Stats
Scene Movie % Correct
Including: Los Angeles sinking into the sea, Vatican getting destroyed by an earthquake and Las Vegas being engulfed in volcanic ash 2012
93%
A giant mutant lizard wrecks havoc in Tokyo Godzilla
87%
UFOs destroy New York, Washington and Los Angeles Independence Day
87%
California gets major earthquakes San Andreas
87%
Meteors strike NYC, Shanghai and Paris Armageddon
80%
Game characters ravage Washington D.C Pixels
80%
New York gets destroyed by a megatsunami Deep Impact
73%
Features San Francisco being hit by a solar flare and Rome being destroyed by lightnings The Core
60%
New York gets eaten by a solar flare Knowing
53%
Damaged cities include: Las Vegas, Washington, London, Paris. Also includes the Mount Rushmore and Moai destruction Mars Attacks!
53%
The tallest building in the world catches fire The Towering Inferno
53%
Features a scene where Singapore is lifted up into a massive UFO, and buildings from various Asian cities are dropped on London Independence Day: Resurgence
47%
Big Ben and the Westminster Palace explode V for Vendetta
47%
New York gets destroyed by an earthquake (hint: movie made before WW2) Deluge
27%
A tungsten rod touches down on London, obliterating it completly GI Joe: Retaliation
27%
No matching quizzes found
Score Distribution
Percent of People with Each Score
Percentile by Number Answered
Your Score History
You have not taken this quiz